000 00781nam a2200241Ia 4500
008 160319s9999 xx 000 0 und d
020 _a0-866110542
050 _a413
050 _b.W982p
100 _aWylie, Dr. Richard E.
245 4 _aThe preschool practice picture dictionary workbook /
245 _cby Richard E. Wylie ; illustrated by Jesse Zerner ; designed by Fred Isler.
260 _a New York :
260 _bPlaymore,
300 _bcolor illustrations ;
300 _c28 cm.
440 _a Preschool Press practice workbook.
500 _a "Teaches your child: basic sight vocabulary, word comprehension, word meaning."
650 _aPicture dictionaries.
650 _aVocabulary --
650 _aVocabulary.
650 _xJuvenile literature.
999 _c291970
_d291970